Normal view
MARC view
Entry Personal Name
001 - CONTROL NUMBER
- control field: 24589
003 - CONTROL NUMBER IDENTIFIER
- control field: OSt
005 - DATE AND TIME OF LATEST TRANSACTION
- control field: 20151230114747.0
008 - FIXED-LENGTH DATA ELEMENTS
- fixed length control field: 151230|| aca||aabn | a|a d
040 ## - CATALOGING SOURCE
- Original cataloging agency: OSt
- Transcribing agency: OSt
100 ## - HEADING--PERSONAL NAME
- Personal name: Fairgrieve, J
670 ## - SOURCE DATA FOUND
- Source citation: Work cat.: (OSt)35119: Fairgrieve, J, Human Geography The World, 1960









